Điện động lực học

Giới thiệu điện động lực học vĩ mô, trường điện từ trong các trường vật chất. Năng lượng xung lượng và các lực của trường điện từ, sóng điện từ của môi trường. Các hiệu và tính chất của điện từ

Bewaard in:
Bibliografische gegevens
Hoofdauteur: Nguyễn Văn Hùng
Formaat: Boek
Taal:Vietnamese
Gepubliceerd in: H. Đại học Quốc gia Hà Nội 2005
Editie:In lần thứ 2
Onderwerpen:
Tags: Voeg label toe
Geen labels, Wees de eerste die dit record labelt!
Thư viện lưu trữ: Mạng thư viện Đại học Đà Nẵng
LEADER 01502aam a22003858a 4500
001 000008211
003 4396
005 20120312140302.0
008 111014s2005 viesd
020 |c 35500đ  |d 1000b 
041 |a vie 
082 1 4 |2 14  |a 537.6  |b NG-H 
084 |a C313z73 
084 |b Đ305Đ 
100 0 |a Nguyễn Văn Hùng 
245 |a Điện động lực học  |c Nguyễn Văn Hùng 
250 |a In lần thứ 2 
260 |a H.  |b Đại học Quốc gia Hà Nội  |c 2005 
300 |a 438tr.  |c 20cm 
504 |a Thư mục: tr. 437-438 
520 |a Giới thiệu điện động lực học vĩ mô, trường điện từ trong các trường vật chất. Năng lượng xung lượng và các lực của trường điện từ, sóng điện từ của môi trường. Các hiệu và tính chất của điện từ 
650 7 |2 Bộ TK TVQG  |a Điện từ 
650 7 |2 Bộ TK TVQG  |a Điện động lực học 
655 7 |2 Bộ TK TVQG  |a Giáo trình 
910 |a Nguyễn Thị Kim Oanh  |d 14/10/2011 
OWN |a LSP 
AVA |a UDN50  |b LSP  |d 537.6 NG-H  |e check_holdings  |t Error 5003 Not defined in file expand_doc_bib_avail.  |h N  |k 1 
999 |a From the UDN01 
AVA |a UDN50  |b LSP  |d 537.6 NG-H  |e available  |t Error 5001 Not defined in file expand_doc_bib_avail.  |f 40  |g 0  |h N  |i 37  |k 1 
TYP |a Monograph 
TYP |a Printed language 
980 |a Mạng thư viện Đại học Đà Nẵng